| 000 | 00656nam a2200205Ia 4500 | ||
|---|---|---|---|
| 008 | 191130s1993##################000#0#eng## | ||
| 020 | _a9780198166030 | ||
| 022 | _a93020275 | ||
| 040 |
_aACL _cACL |
||
| 082 | _a780.1 DAR | ||
| 100 | _aDarcy, Warren | ||
| 245 |
_aWagner's Das Rheingold _cWarren Darcy |
||
| 260 |
_aOxford _bClarendon Press ; Oxford University Press _c1993 |
||
| 300 | _axv, 259 p. : ill. ; 24 cm | ||
| 500 | _aIncludes bibliographical references (p. [248]-254) and index | ||
| 650 | _aWagner, Richard, 1813-188 Ring des Nibelungen. Rheingold | ||
| 990 | _aa6914c0fac10000c313b54bf1ba2d20b | ||
| 991 | _a341471 | ||
| 999 |
_c92000 _d92000 |
||